000
00291nam a2200121Ia 4500
008
191201s2012 xx 000 0 und d
100
_a
BOOCH,Grady
245
0
_a
Unified Modeling Language User Guide
260
_a
N. Delhi
_b
Pearson
_c
2012
300
_a
504
650
_a
MCA
942
_2
ddc
_c
BK
999
_c
6476
_d
6476